|
|
|
|
| LEADER |
00000naa2a2200000 4500 |
| 001 |
143743 |
| 005 |
20231220144929.0 |
| 035 |
|
|
|a (RuTPU)RU\TPU\book\155775
|
| 090 |
|
|
|a 143743
|
| 100 |
|
|
|a 20080923d2005 k y0rusy50 ca
|
| 101 |
0 |
|
|a rus
|
| 102 |
|
|
|a RU
|
| 200 |
1 |
|
|a Система имитационного моделирования на основе Е-сетей
|f Д. А. Плотников, С. Г. Цапко
|
| 320 |
|
|
|a Библиогр.: 3 назв.
|
| 463 |
|
0 |
|0 (RuTPU)RU\TPU\book\118408
|t Молодежь и современные информационные технологии
|o сборник трудов III Всероссийской научно-практической конференции студентов, г. Томск, 15 февраля - 17 февраля 2005 г.
|f Томский политехнический университет
|v С. 82-83
|d 2005
|p 284 с.
|
| 610 |
1 |
|
|a моделирование
|
| 610 |
1 |
|
|a имитационные модели
|
| 610 |
1 |
|
|a системы
|
| 610 |
1 |
|
|a Е-сети
|
| 610 |
1 |
|
|a системы моделирования
|
| 610 |
1 |
|
|a труды учёных ТПУ
|
| 700 |
|
1 |
|a Плотников
|b Д. А.
|c специалист в области компьютерных систем управления
|c аспирант Томского политехнического университета
|f 1985-
|g Дмитрий Алексеевич
|3 (RuTPU)RU\TPU\pers\25408
|
| 701 |
|
1 |
|a Цапко
|b С. Г.
|c специалист в области информатики и вычислительной техники
|c доцент Томского политехнического университета, заведующий лабораторией, кандидат технических наук
|f 1973-
|g Сергей Геннадьевич
|3 (RuTPU)RU\TPU\pers\27092
|9 12642
|
| 801 |
|
1 |
|a RU
|b 63413507
|c 20080923
|g PSBO
|
| 801 |
|
2 |
|a RU
|b 63413507
|c 20151211
|g RCR
|
| 942 |
|
|
|c BK
|